[Event "Bayern-chI Bank Hofmann 19th"]
[Site "Bad Wiessee"]
[Date "2015.11.05"]
[Round "6"]
[White "Alekseev, Evgeny V"]
[Black "Lomasov, Semen"]
[Result "1-0"]
[WhiteElo "2642"]
[BlackElo "2357"]
[Annotator "Fischer,J"]
[PlyCount "41"]
[EventDate "2015.10.31"]
[EventType "swiss"]
[EventRounds "9"]
[EventCountry "GER"]
[SourceTitle "CBM 169 Extra"]
[Source "ChessBase"]
[SourceDate "2015.12.18"]
[SourceVersion "1"]
[SourceVersionDate "2015.12.18"]
[SourceQuality "1"]

1. Nf3 Nf6 2. c4 c5 3. Nc3 d5 4. cxd5 Nxd5 5. g3 Nc6 6. Bg2 Nc7 7. a3 e6 8. O-O
Be7 9. d3 O-O 10. Be3 Nd5 11. Bd2 b6 12. Qa4 Bb7 13. Nxd5 exd5 14. b4 Nd4 15.
bxc5 Nxe2+ $6 {Danach kommt Weiß in Vorteil. Notwendig war} (15... Nxf3+ 16.
Bxf3 Bxc5 {und Schwarz steht nicht schön, aber der Schaden hält sich in
Grenzen.}) 16. Kh1 bxc5 ({Nach} 16... Bxc5 17. d4 Qe8 18. Qxe8 Rfxe8 19. dxc5
bxc5 {hat Schwarz eine Figur weniger und bekommt mit viel Glück
Schwindelchancen.}) 17. Rfe1 Nd4 18. Nxd4 cxd4 19. Rab1 $1 {Dieser einfache
Zug zeigt, wie schlecht die schwarzen Figuren stehen. Schwarz kann den
angegriffenen Läufer auf b7 nicht vernünftig decken.} Rb8 ({Nach} 19... Bc8 {
gewinnt Weiß mit} 20. Ba5 Qe8 21. Qxe8 Rxe8 22. Rxe7 ({Oder} 22. Bxd5 Be6 23.
Bxa8 Rxa8 24. Bb4 $18) 22... Rxe7 23. Bxd5 $18) 20. Qxa7 Qd7 21. Bf4 {Die
schwarzen Figuren sind überlastet und Weiß gewinnt Material.} 1-0

[Event "RUS-ch 66th"]
[Site "Nizhnij Novgorod"]
[Date "2013.10.14"]
[Round "9"]
[White "Nepomniachtchi, Ian"]
[Black "Kramnik, Vladimir"]
[Result "1-0"]
[WhiteElo "2702"]
[BlackElo "2796"]
[Annotator "Friedel,J"]
[PlyCount "153"]
[EventDate "2013.10.05"]
[EventType "tourn"]
[EventRounds "9"]
[EventCountry "RUS"]
[EventCategory "18"]
[SourceTitle "CBM 157"]
[Source "ChessBase"]
[SourceDate "2013.11.12"]
[SourceVersion "1"]
[SourceVersionDate "2013.11.12"]
[SourceQuality "1"]

1. c4 c5 2. Nf3 Nc6 3. Nc3 Nf6 4. g3 d5 5. cxd5 Nxd5 6. Bg2 g6 7. h4 {White is
playing an early h4 in every opening now, but especially the Grünfeld. Pretty
soon modern theory will progress to playing h4 on move two or three.} Bg7 8. h5
Bf5 {This is kind of a clever, move, not committing his king while developing
a piece. Also, Nb4 ideas are always in the air.} 9. Qb3 Ndb4 10. Kf1 {This
looks kinda sad, but what else? Also keep in mind that since the h1 rook is in
the game, this kind of king move isn't nearly as ugly.} Be6 11. Qa4 Qa5 12.
Qxa5 Nxa5 {Somehow I can't believe this ending can be problematic for Black.
Look at his active pieces!} 13. Ng5 Bd7 14. h6 {This is an interesting try,
attempting to run Black's bishop out of squares.} Bd4 15. Rb1 (15. d3 {I much
prefer, trying to finish his development with Bd2.}) 15... f6 16. Nge4 f5 (
16... c4 {looks simple and strong.}) 17. Nxc5 (17. Ng5 {looks much better than
the text, though after} Bf6 18. d3 Rc8 {followed by Bc6 it is clear Black is
doing fine.}) 17... Bxc5 18. a3 Nd3 $1 {An excellent concept, pitching a pawn
to entomb White's queenside.} 19. exd3 Nb3 {White's opening has been rather
uninspired.} 20. Rh4 Bc6 {Trading these bishops is logical from a positional
point of view, but it also takes up some time.} (20... e6 {was the main
alternative, preventing Bd5 and keeping Black's options open. Now if} 21. Bxb7
Rb8 22. Ba6 Be7 {White either has to retreat the rook into nothingness or sac
an exchange after} 23. Rc4 Nc5 24. Rxc5 Bxc5 25. b4 Bd4 {and I think Black is
definitely better.}) 21. Rc4 Bxg2+ 22. Kxg2 Kf7 23. Ne2 Rhd8 24. Rc3 Nd4 25.
Rxc5 Nxe2 26. Re5 Nd4 27. b4 {Nepomniachti has defended well, and now he's
more or less OK.} Nc6 28. Re3 Rd5 29. Bb2 Rad8 30. Bc3 a6 31. a4 Na7 32. Rbe1
R8d7 33. Re5 Nc6 34. Rxd5 Rxd5 35. Rb1 g5 {White is up a pawn, but as d3 and
h6 are both rather weak, I prefer Black.} 36. Re1 e6 37. Re3 Ne7 38. Be5 Nc6
39. Bc3 e5 40. Re1 g4 41. Rb1 Kg6 42. b5 axb5 43. axb5 Nd8 44. f3 {I'm not
sure about the objective value of this move, but it makes the game messy,
which is usually better for the defender.} gxf3+ 45. Kxf3 Rxd3+ 46. Ke2 e4 47.
Be5 Ne6 (47... Kxh6 {was a simpler continuation, and would have spared Black a
lot of grief.}) 48. Bf4 Rf3 (48... Nxf4+ {is safest but simply isn't enough to
win. Now after} 49. gxf4 b6 (49... Kxh6 50. Rh1+ Kg6 51. Rg1+ Kf6 52. Rh1 Rd7
53. Rh5 {and Black can't make any progress.}) 50. Rc1 Kxh6 51. Rc6+ Kh5 52.
Rxb6 Kg4 53. Rh6 Rb3 54. Rxh7 Rxb5 55. d3 Kxf4 56. dxe4 Rb2+ 57. Ke1 fxe4 58.
Rh3 {with a Philidor draw.}) 49. b6 Nd4+ 50. Ke1 Nc2+ 51. Ke2 Nd4+ 52. Ke1 Rb3
{At this point Kramnik realized he had to win, but even if not I'm sure he'd
have played on.} 53. Rc1 Rxb6 54. Rc8 Ne6 55. Be3 Rd6 {Black is up a pawn, but
winning will be rather difficult, especially since h6 can't be easily won now.}
56. Rg8+ Kf6 57. Rb8 Rd7 58. Kf2 Ke5 59. Ra8 Kf6 60. Rb8 Rf7 61. Ra8 Kg6 62.
Rg8+ Kh5 {Kramnik decides to go for it. I don't see how he could try to make
progress otherwise.} 63. Re8 Nf8 64. Kg2 Kg4 65. Rb8 Ng6 66. Rg8 Rd7 67. Kf2
Kh3 {It looks like Black is making progress, but in fact he has to be very
cautious. Rg7 must always be watched, and the b-pawn isn't so dangerous yet.}
68. Bg5 Ne5 69. Rg7 {I bet Black wishes he took that h6 pawn when he had the
chance.} b5 $2 {As normal as it looks, this move was a major error.} (69... Rd3
{Black had to give up on the h-pawn and start counterplay in the center.} 70.
Bf4 Ng4+ 71. Ke1 Nf6 72. Bg5 Ng4 73. Rxh7 Rxg3 74. Bf4 Rg1+ 75. Ke2 Rg2+ 76.
Kd1 Rf2 {Now Black should draw comfortably, for instance if} 77. Rg7 (77. Bg5
Kg3 78. Rxb7 Rh2 79. h7 f4 80. Rg7 e3 {is also drawn.}) 77... Rxf4 78. h7 Nf2+
79. Ke2 Rh4 80. Kxf2 f4 {it is an easy draw, since White can't support his
h-pawn.}) 70. Ke2 $1 b4 71. Bf4 {This is the problem. Black's pieces are badly
placed and the h-pawn will be a monster.} Nf7 (71... Rd5 {would have resisted
a bit better, though I think White should still win with best play. The
following is one possible continuation.} 72. Rxh7 b3 73. Rb7 Ng6 74. Be3 Rd8
75. Rxb3 Kxg3 76. Bg5+ Rd3 77. Rxd3+ exd3+ 78. Kxd3 Kg4 79. Bf6 Nf8 80. Bg7 Nh7
81. Ke2 Kf4 82. Kf2 {and Black is lost here. The plan for White is to for
Black to go after the d-pawn with his king, and then White will move up his
king to take the f-pawn. After this, despite only having the h-pawn left, the
knight on h7 is trapped.} Ng5 83. Kg2 Nh7 84. Kh3 Kg5 85. d4 Kg6 (85... f4 86.
d5 Kf5 87. d6 Ke6 88. Be5 $1 $18) 86. Kg3 Ng5 87. d5 Nf7 {Black can try to
reposition the knight, but it won't help.} 88. Kh4 Nd6 89. Be5 $1 Ne4 90. Bf4
Nc5 91. d6 {and White can win now by marching the king over to support the
d-pawn.}) 72. Rxh7 b3 73. Kd1 $1 {Once White covers the b-pawn with the king,
the h-pawn will simply start running.} (73. Be5 Rd5 $1 {gives Black some
counterchances.}) 73... e3 74. Bxe3 Rc7 75. Bd4 Kg2 76. Bc3 Kf2 77. Kc1 {
and Black resigned, as once White plays Kb2 he can play Rg7 and h7 at his
leisure. As a result, Nepomniatchi managed to catch Svidler. What a finish!} (
77. Kc1 Kxg3 78. Rg7+ Kf3 79. h7 $18) 1-0

[Event "Interpolis-02"]
[Site "Tilburg"]
[Date "1978.09.10"]
[Round "8"]
[White "Ribli, Zoltan"]
[Black "Ljubojevic, Ljubomir"]
[Result "0-1"]
[WhiteElo "2585"]
[BlackElo "2605"]
[Annotator "Ftacnik,L"]
[PlyCount "66"]
[EventDate "1978.09.01"]
[EventType "tourn"]
[EventRounds "11"]
[EventCountry "NED"]
[EventCategory "14"]
[SourceTitle "MCL"]
[Source "ChessBase"]
[SourceDate "1999.07.01"]
[SourceVersion "1"]
[SourceVersionDate "1999.07.01"]
[SourceQuality "1"]

1. Nf3 c5 2. c4 Nf6 3. Nc3 d5 4. cxd5 Nxd5 5. d4 cxd4 (5... Nxc3 6. bxc3 g6) (
5... g6) 6. Qxd4 Nxc3 7. Qxc3 $14 Nc6 {[/\ ...Bb4; e.g. 8.Bf4 e5]} 8. e3 (8. e4
Bg4 9. Bb5 Rc8 10. O-O a6 11. Ba4 b5 12. Rd1 Qa5 $15 {_|_}) 8... Bg4 $5 (8...
e5 $2 9. Bb5 $16) (8... e6 9. Bb5 $14) 9. Bd2 $6 (9. Be2 {/\ 0-0-0+/=} e5 10.
O-O Rc8 11. Rd1 Nd4 12. Qe1 Nxe2+ 13. Qxe2 Qb6 14. h3) 9... Bxf3 10. gxf3 Qd5
$1 11. e4 $8 (11. Be2 e5 $10) 11... Qd7 12. Bb5 (12. O-O-O Rc8 13. Kb1 (13. Be3
Nd4 14. Bc4 Ne2+) 13... Nd4 (13... e5 14. Bb5 Qe6 15. Rhg1) (13... e6 14. Bb5
a6 15. Bh6) 14. Qd3) 12... Rc8 13. Rc1 a6 14. Bxc6 (14. Ba4 b5 15. Bb3 e6 $10)
14... Rxc6 15. Qb3 Rxc1+ 16. Bxc1 e6 17. Ke2 $1 (17. Rg1 g6 $15) 17... Bd6 18.
Rd1 Qc7 19. h4 O-O $17 (19... h5 $2 20. Qa4+ Ke7 21. Bg5+ f6 22. Be3) 20. Be3
Be5 (20... h5 $5 {e.g.} 21. Rc1 Qb8 22. Qb6 Be5) 21. h5 h6 22. Rc1 Qb8 23. a4
Rd8 24. Qb6 $6 (24. Rd1) 24... Rd7 25. b4 (25. Rd1 Rxd1 26. Kxd1 Qd6+ $17)
25... Bf4 26. b5 (26. Bxf4 $2 Qxf4 27. Rc8+ Kh7 28. Qe3 Qe5) 26... axb5 27.
axb5 Kh7 $8 (27... Bxe3 28. Kxe3 Qh2 29. Qc5 Kh7 30. b6 f5 31. Qc7 $18) 28. Rc2
Bxe3 29. Kxe3 Qh2 30. Qc5 f5 $19 31. b6 Qxh5 32. Qc8 f4+ 33. Ke2 (33. Kxf4 Qg5#
) 33... Qb5+ (33... Qb5+ 34. Ke1 Qd3 35. Rc1 Rd6 $19) 0-1

[Event "Interpolis-02"]
[Site "Tilburg"]
[Date "1978.09.13"]
[Round "10"]
[White "Portisch, Lajos"]
[Black "Hort, Vlastimil"]
[Result "1/2-1/2"]
[WhiteElo "2630"]
[BlackElo "2620"]
[Annotator "Ftacnik,L"]
[PlyCount "21"]
[EventDate "1978.09.01"]
[EventType "tourn"]
[EventRounds "11"]
[EventCountry "NED"]
[EventCategory "14"]
[SourceTitle "MCL"]
[Source "ChessBase"]
[SourceDate "1999.07.01"]
[SourceVersion "1"]
[SourceVersionDate "1999.07.01"]
[SourceQuality "1"]

1. c4 Nf6 2. Nc3 d5 3. cxd5 Nxd5 4. g3 c5 5. Bg2 Nb6 (5... Nc7) (5... Nxc3) 6.
d3 e5 7. Be3 (7. Nf3) (7. f4 $5) 7... Be7 8. Rc1 O-O 9. Nf3 (9. Ne4 f5 $5 10.
Nxc5 f4 11. gxf4 $1 (11. Bd2 $2 Bxc5 12. Rxc5 Qd4 {/\fg}) 11... exf4 12. Bd2
$13) 9... Nc6 10. O-O (10. Ne4 $5) 10... Bf5 11. Nd2 1/2-1/2

[Event "Interpolis-02"]
[Site "Tilburg"]
[Date "1978.09.01"]
[Round "1"]
[White "Ljubojevic, Ljubomir"]
[Black "Sosonko, Gennadi"]
[Result "1/2-1/2"]
[WhiteElo "2605"]
[BlackElo "2575"]
[Annotator "Ftacnik,L"]
[PlyCount "26"]
[EventDate "1978.09.01"]
[EventType "tourn"]
[EventRounds "11"]
[EventCountry "NED"]
[EventCategory "14"]
[SourceTitle "MCL"]
[Source "ChessBase"]
[SourceDate "1999.07.01"]
[SourceVersion "1"]
[SourceVersionDate "1999.07.01"]
[SourceQuality "1"]

1. c4 Nf6 2. Nc3 c5 3. Nf3 Nc6 4. g3 d5 5. cxd5 Nxd5 6. Bg2 g6 7. Qa4 (7. Qb3
$5 Ndb4 $1 8. a3 (8. Ne4 Bg7 $1 9. Nxc5 Qa5 10. Ne4 Bf5 11. Nfg5 O-O 12. e3 h6
13. Nh3 Be6 14. Qd1 Bc4 15. Bf1 Bxf1 16. Kxf1 Qf5 {0-1 Webb-Miles, 1975}) 8...
Na5 $1 9. Qd1 Nbc6 10. b4 $6 cxb4 11. axb4 Nxb4 12. Qa4+ Nbc6 $17 {
Perkins-Miles, England 1974; Panno-kavalek, Biel}) (7. O-O Bg7 8. Nxd5 (8. Ng5
$5 e6 9. Nge4 $13) 8... Qxd5 9. d3 O-O 10. Be3 (10. a3 $5 b6 $5 11. Rb1 Bb7 12.
b4 $2 Qa2 $1 13. Be3 Nd4 $1 $15 {Ribli-Miles, Amsterdam 1978}) 10... Bd7 $1 $10
) 7... Bg7 8. Qb5 (8. Ng5 $5 e6 9. Nge4) 8... Ndb4 9. O-O Qa5 $1 $10 10. Ne1
Bd7 11. a3 Qxb5 12. Nxb5 Na6 13. Rb1 O-O 1/2-1/2

[Event "Interpolis-01"]
[Site "Tilburg"]
[Date "1977.09.28"]
[Round "5"]
[White "Smyslov, Vassily V"]
[Black "Miles, Anthony John"]
[Result "0-1"]
[WhiteElo "2595"]
[BlackElo "2555"]
[Annotator "Ftacnik,L"]
[PlyCount "74"]
[EventDate "1977.09.23"]
[EventType "tourn"]
[EventRounds "11"]
[EventCountry "NED"]
[EventCategory "14"]
[SourceTitle "MCL"]
[Source "ChessBase"]
[SourceDate "1999.07.01"]
[SourceVersion "1"]
[SourceVersionDate "1999.07.01"]
[SourceQuality "1"]

1. c4 c5 2. Nf3 Nf6 3. Nc3 d5 4. cxd5 Nxd5 5. g3 g6 6. Bg2 Bg7 7. O-O Nc6 8.
Ng5 $5 (8. Nxd5 Qxd5 9. d3 O-O 10. Be3 Bd7 11. Qd2 Qd6 12. Bh6 Rac8 13. a3 b6
14. Bxg7 Kxg7 15. b4 Nd4 16. Rfc1 $2 c4 $1 17. Nxd4 Qxd4 18. Qc3 Qxc3 19. Rxc3
cxd3 20. Rxd3 Ba4 $1 $15 {Larsen-Miles/Great Britain/1977}) 8... e6 (8... Nb6
9. Bxc6+ bxc6 {/\c4}) 9. Nge4 b6 (9... Qe7 $6 10. Nxd5 exd5 11. Nc3 $14) 10. d3
(10. Qa4 Bd7 $1 11. Nd6+ (11. Nxd5 exd5 12. Nc3 Ne7 $15 {Browne-Miles/
Lanzarote/1977}) 11... Ke7 12. Nxf7 (12. Nxd5+ exd5 13. Nxf7 (13. Qf4 Be5) (13.
Nb7 Qb8) 13... Nb4 14. Nxd8 Bxa4 $19) 12... Kxf7 13. Nxd5 Nb4 $1 $19) 10... O-O
11. Bg5 f6 12. Bd2 (12. Nxd5 exd5 13. Nc3) 12... Nde7 {/\13... f5} (12... f5 $6
13. Bg5 Qd7 14. Nxd5 exd5 15. Nc3) 13. a3 f5 14. Ng5 h6 15. Nh3 $6 (15. Nf3
$142 $10 {/=/+}) 15... Bb7 16. b4 (16. Rb1 a5) 16... cxb4 17. axb4 Qd7 18. Qa4
Rfd8 19. Nf4 $6 (19. f4 {/\ Nf2, e3} Nd4 20. Qxd7 Rxd7 21. Bxb7 Rxb7 22. Ra2
$15) 19... g5 20. Nh5 Bh8 {/\ Qe8} 21. h3 Nd4 $1 22. Qd1 (22. Qxd7 Rxd7 23.
Bxb7 Rxb7 {/\ Nb3+-} 24. Ra2 Rc8 25. e3 $2 Nf3+) (22. Bxb7 Qxb7 {/\ 23.g4
Ng6-h4}) 22... Bxg2 23. Kxg2 Rac8 {/\ 24...Rc3, 25...Qc6+-} 24. Rc1 (24. e3 $2
Qb7+ 25. f3 Nxf3 $17) (24. Kh2 $142 Qb7 {/\ Dubbling rooks on the c-file -/+})
24... Nd5 25. Nxd5 Qxd5+ 26. f3 (26. Kh2) (26. Kg1) 26... Rxc1 27. Bxc1 Rc8 {
/\ 28...Rc2} 28. Be3 Qa2 29. h4 Rc2 (29... Qxe2+ 30. Qxe2 Nxe2 31. hxg5) (29...
Nxe2 30. Rf2) 30. Rf2 f4 $19 (30... Nxe2 31. Kf1 Nd4 32. Bxd4) (30... Rxe2 31.
Bxd4) 31. Bxd4 (31. gxf4 Nf5 32. Bc1 Bd4 {/\ Bf2, Qb1-+}) (31. Bc1 Qb1) 31...
Bxd4 32. gxf4 Qb2 (32... Bxf2 $142 33. Kxf2 Qb2 34. Nf6+ Kf7 35. hxg5 Rc1 36.
Qa4 Qd4+ $19) 33. fxg5 (33. hxg5 Bxf2 34. Nf6+ Kf7 35. Qh1 Bh4 36. Qxh4 Rxe2+
37. Kf1 Rh2 38. g6+ Kxg6 39. f5+ exf5 40. Qg3+ Kxf6 41. Qd6+ Kg5 42. Qg3+ Kh5 {
Miles}) 33... Bxf2 34. Kxf2 Rc1 35. Nf6+ Kf7 36. Qa4 Qd4+ 37. Kg3 (37. e3 Qxh4+
38. Kg2 Qh1+ 39. Kg3 Rg1+ 40. Kf4 Qh4+ 41. Ng4 (41. Ke5 Qxg5+) 41... Qxg5+ 42.
Ke4 Qd5+ 43. Kf4 Qf5# {Miles}) 37... Rg1+ (37... Rg1+ 38. Kh3 Rh1+ 39. Kg3
Qxh4+ 40. Kg2 Qh2#) 0-1

[Event "World Cup"]
[Site "Barcelona"]
[Date "1989.03.??"]
[Round "12"]
[White "Kasparov, Garry"]
[Black "Salov, Valery"]
[Result "1-0"]
[WhiteElo "2775"]
[BlackElo "2630"]
[Annotator "Ftacnik,L"]
[PlyCount "57"]
[EventDate "1989.03.??"]
[EventType "tourn"]
[EventRounds "17"]
[EventCountry "ESP"]
[EventCategory "15"]
[SourceTitle "CBM 012"]
[Source "ChessBase"]
[SourceDate "1989.10.01"]
[SourceVersion "1"]
[SourceVersionDate "1989.10.01"]
[SourceQuality "1"]

1. Nf3 {Ftacnik: ' Diese Partie wurde am 13.April 1989 gespielt, dem 26.
Geburtstag von Garri Kasparov. This game was played on April 13, 1989, on
Garry's 26th birthday'} Nf6 2. c4 b6 3. Nc3 c5 4. e4 d6 5. d4 cxd4 6. Nxd4 Bb7
7. Qe2 {'!?' Ftacnik.} Nbd7 (7... Nc6 8. Nxc6 Bxc6 9. Bg5 e6 10. O-O-O {
/\ e5~/=}) (7... e6 $5 8. g3 Be7 9. Bg2 O-O 10. O-O a6 $2 {>= 10...Qc7 >= 10...
Qc7} 11. e5 $1 Bxg2 12. exf6 Bxf6 13. Kxg2 Bxd4 14. Qe4 $1 $18) 8. g3 Rc8 9.
Bg2 a6 10. O-O Qc7 {'?!' Ftacnik.} (10... e6 11. Nd5 g6 (11... exd5 12. exd5+
Be7 $13) 12. Bg5 {/\ 12..ed5 13.ed5+ Be7 14.Nc6+- /\ 12..ed5 13.ed5+ Be7 14.
Nc6+-} Bg7 {/\ 12...0-0 /\ 13...0-0}) 11. b3 e6 (11... b5 12. Nd5 $1 Qc5 $2 13.
Be3 bxc4 14. b4 Qa7 15. Nb5 Qb8 16. Ba7 $18) 12. Nd5 {'!' Ftacnik.} Qb8 (12...
exd5 13. exd5+ Be7 (13... Ne5 14. f4 Qc5 15. Bb2 Nfd7 16. fxe5 dxe5 17. Kh1 $18
) (13... Kd8 14. Re1 Ne5 15. f4 (15. Bg5 Be7 16. f4 Ng6 17. Nf5 h6 $1) 15...
Ng6 16. Bb2 Be7 17. Nf5 $40) 14. Nf5 $1 (14. Re1 $2 O-O $1 15. Qxe7 Rfe8 $19)
14... Ne5 (14... Qd8 15. Re1 Ng8 16. Bf4 Kf8 17. Nxe7 Qxe7 18. Qxe7+ Nxe7 19.
Bxd6 Re8 20. Rxe7 Rxe7 21. Re1 $18) 15. Nxg7+ (15. f4 Ng6 16. Nxg7+ Kf8) 15...
Kd8 (15... Kf8 16. Bh6 Kg8 17. Nf5 $40) 16. Nf5 $40) 13. Rd1 g6 (13... exd5 $5
14. exd5+ Kd8 15. Nc6+ Bxc6 16. dxc6 Nc5 17. b4 Ne6 18. Be3 {/\ Rab1,c5~/= /\
Rab1,c5~/=}) (13... e5 $6 {RR} 14. Nxf6+ Nxf6 15. Nf5 g6 16. Nh6 $16) 14. Bg5 (
14. Bh3 $6 Bg7 15. Bxe6 fxe6 16. Nxe6 Kf7 17. Ng5+ Kf8 $13) 14... Bg7 15. Bxf6
Nxf6 {'?' Ftacnik.} (15... Bxf6 $1 16. Nxf6+ Nxf6 17. f4 (17. e5 $5 Bxg2 (17...
dxe5 18. Bxb7 Qxb7 19. Qxe5 Qe7 (19... Ke7 20. Nxe6 $1 fxe6 21. Rd6 $18) 20.
Nc6 $1 $18) 18. exf6 Bh3 $8 19. g4 (19. Qf3 Qa8 (19... h5 $1 $13) 20. Qxa8 Rxa8
21. Nc6 Kd7 22. Ne5+ $16) (19. Qe3 $1 $44 {RR}) 19... Qb7 (19... h5 20. Nxe6
Bxg4 21. Ng7+ Kf8 22. f3 $16) 20. f3 h5 21. Nxe6 fxe6 22. Qxe6+ Kf8 23. Re1 Qc7
$1 $13) 17... O-O 18. e5 Bxg2 19. Kxg2 dxe5 20. fxe5 Qb7+ 21. Kg1 Ne4 22. Qe3
$14) 16. Nxb6 Rd8 (16... Rc7 $5 17. Na4 $16) 17. e5 {'!' Ftacnik.} Bxg2 (17...
dxe5 18. Nc6 Rxd1+ (18... Bxc6 {RR} 19. Bxc6+ Ke7 20. c5 $1 Qc7 21. Qxa6 Rxd1+
22. Rxd1 Qxc6 23. Qa7+ Ke8 (23... Kf8 24. Rd8+ Ne8 25. Nd7+ Ke7 26. Nxe5+ Qc7
27. Rxe8+ $18) 24. Nc4 $16) 19. Rxd1 Bxc6 20. Bxc6+ Kf8 {20...Ke7 -> 18...Bxc6
20...Ke7 -> 18...Bxc6} 21. Qe3 $16) 18. exf6 Bxf6 19. Nxe6 {'!' Ftacnik.} (19.
Kxg2 $2 Qxb6 20. Nxe6 fxe6 21. Qxe6+ Be7 22. Re1 Qb7+) 19... fxe6 (19... Bxa1
20. Nxd8+ Kxd8 (20... Be5 21. c5 $1 Bh3 22. Rxd6 $18) 21. Kxg2 (21. c5 Re8 22.
Qg4 Bc6 23. Rxa1 $40) 21... Qxb6 22. Rxa1 $18) 20. Qxe6+ Be7 21. c5 {'!!'
Ftacnik.} (21. Re1 Qb7) 21... Bb7 (21... Bc6 22. Rac1 Qc7 23. cxd6 Rxd6 24.
Rxd6 Qxd6 25. Qxd6 Bxd6 26. Rxc6 $18) 22. Re1 Qc7 23. c6 {'!!' Ftacnik.} Bxc6 (
23... Bc8 24. Nd5 Bxe6 25. Nxc7+ $18) 24. Rac1 Rd7 25. Nxd7 Qxd7 26. Qc4 {
'!' Ftacnik.} (26. Rxc6 Qxe6 27. Rxe6 Kd7 28. Rxe7+ Kxc6 $16) 26... Bb7 (26...
Bb5 27. Qc8+ Qd8 28. Qe6 Bd7 29. Qxd6 Kf7 30. Qd5+ Kg7 31. Rc7 $1 $18) 27. Qc7
Rf8 28. Qb8+ Kf7 29. Rc7 1-0

[Event "Interpolis-02"]
[Site "Tilburg"]
[Date "1978.09.06"]
[Round "5"]
[White "Huebner, Robert"]
[Black "Miles, Anthony John"]
[Result "1/2-1/2"]
[WhiteElo "2595"]
[BlackElo "2565"]
[Annotator "Ftacnik,L"]
[PlyCount "24"]
[EventDate "1978.09.01"]
[EventType "tourn"]
[EventRounds "11"]
[EventCountry "NED"]
[EventCategory "14"]
[SourceTitle "MCL"]
[Source "ChessBase"]
[SourceDate "1999.07.01"]
[SourceVersion "1"]
[SourceVersionDate "1999.07.01"]
[SourceQuality "1"]

1. c4 Nf6 2. Nf3 c5 3. Nc3 d5 4. cxd5 Nxd5 5. g3 g6 6. Bg2 Bg7 7. O-O O-O 8.
Qb3 $5 $146 (8. Nxd5 Qxd5 9. d3) 8... e6 $5 (8... Nb4) (8... Nc7) 9. d3 Nc6 10.
Bg5 (10. Bd2 b6 $10) 10... Nd4 $1 11. Nxd4 (11. Bxd8 $2 Nxb3 $17) 11... Qxg5
12. Ndb5 (12. Nf3 Qd8 $15) (12. Nxd5 exd5 13. Nb5 Qe5 $1 $15) 12... Nxc3 (12...
Qe5 $6 13. Bxd5 exd5 14. Qxd5 $14) (12... Nxc3 13. bxc3 $6 (13. Nxc3 Rb8 $1 (
13... Qe7 $6 14. Qa3 $1 $14) 14. Qa3 a6 15. Ne4 Qe5 $1 $15 16. Qxc5 (16. Nxc5
$2 Qxe2 $17) (16. Rac1 $5) 16... Qxb2 (16... Qxc5 $2 17. Nxc5 Bxb2 (17... b6
18. Na4 $16) 18. Rab1 $16)) 13... Qe5 $1 $15) 1/2-1/2

[Event "Interpolis-02"]
[Site "Tilburg"]
[Date "1978.09.10"]
[Round "8"]
[White "Hort, Vlastimil"]
[Black "Browne, Walter Shawn"]
[Result "0-1"]
[WhiteElo "2620"]
[BlackElo "2550"]
[Annotator "Ftacnik,L"]
[PlyCount "78"]
[EventDate "1978.09.01"]
[EventType "tourn"]
[EventRounds "11"]
[EventCountry "NED"]
[EventCategory "14"]
[SourceTitle "MCL"]
[Source "ChessBase"]
[SourceDate "1999.07.01"]
[SourceVersion "1"]
[SourceVersionDate "1999.07.01"]
[SourceQuality "1"]

1. c4 Nf6 2. Nc3 c5 3. Nf3 d5 (3... Nc6 4. d4 cxd4 5. Nxd4 e6) 4. cxd5 Nxd5 5.
d4 (5. e4 Nb4 6. Bc4 Be6 $1 7. Bxe6 Nd3+ 8. Kf1 fxe6 {Adorjan-Langeweg,
Amsterdam 1978}) 5... Nxc3 $5 (5... g6) 6. bxc3 g6 7. e3 Bg7 8. Be2 (8. Bd3 O-O
9. O-O Qc7 (9... Qa5 $6 10. Bb2 cxd4 $2 11. cxd4 Nc6 12. Nd2 $1 $16 {
Balashov-Dorfman, URS zt Lvov 1978}) 10. Rb1 (10. Bb2) (10. Qe2) 10... Rd8 11.
Qe2 Nc6 12. Be4 e5 $1 {Tal-Vaganian, Leningrad 1977}) 8... O-O 9. O-O Qc7 10.
a4 $5 Rd8 11. Ba3 b6 12. Rc1 Nc6 13. Nd2 Na5 (13... Bb7 14. Nc4 $5 (14. dxc5 $5
)) (13... e5 $5) 14. Nc4 Nxc4 15. Bxc4 Bb7 16. a5 e6 (16... Qc6 $5 17. d5) 17.
Qa4 Rac8 18. Rfd1 h5 19. h3 Bf8 {/\ba!?} 20. a6 Ba8 21. Bf1 Bc6 22. Bb5 Ba8 23.
dxc5 $6 (23. Bf1 Bc6 $10) 23... Bxc5 24. Bxc5 Qxc5 25. Qb4 Rd5 $1 (25... Qxb4
26. cxb4) 26. Bf1 (26. Qxc5 Rdxc5 27. c4 Rg5 28. g3 Bf3) 26... Kg7 27. Qb2 $2 (
27. Qf4 Rxd1 (27... Rf5 28. Qh4 Qc6 29. Rd8) (27... Rcd8 28. Rxd5 Qxd5 (28...
Rxd5 29. Qb8) 29. Qc7 Rd7 30. Qc8 Qc6 31. Qb8) 28. Rxd1 Qxc3 29. Rd7) 27... e5
$17 28. Rxd5 (28. Qb4 Rxd1 (28... Qc6 29. Rxd5 Qxd5 30. Qe7) 29. Rxd1 Qxc3 (
29... Bd5) 30. Qxc3 Rxc3 31. Rd7 Rc1 32. f3 (32. Rxa7 Bd5)) 28... Bxd5 29. Qb5
Qxb5 30. Bxb5 Bc4 $1 31. Bxc4 Rxc4 32. Kf1 Kf6 33. Ke2 Ke6 34. Rc2 Ra4 (34...
f6) 35. c4 Kd6 $1 (35... Rxa6 36. c5 bxc5 37. Rxc5 $17) 36. Rd2+ Kc7 37. Rd5
Rxc4 38. Rxe5 Kd6 39. Re8 Ra4 $19 {(+)} 0-1